000 00858nam a2200253Ia 4500
003 OSt
005 20220930191626.0
006 a|||||r|||| 00| 0
007 ta
008 220926b |||||||| |||| 00| 0 eng d
024 _a9138
037 _cDissertations
040 _aCRL
_cCRL
_beng
041 _2eng
_aeng
100 _aBhatnagar Kshitij
_9560332
110 _aUniversity of Delhi. Faculty of Medical Sciences. Department of Otorhinolaryngology
_9519799
245 0 _aClinical and audiological study of prelingual deafness
260 _c1994
650 _aHEAD - DISEASES
_9200017
700 _a Dr P L Dhingra Supervisor
_9559487
700 _aUniversity of Delhi. Faculty of Medical Sciences. Department of Otorhinolaryngology
_9519801
942 _cDIS
_2CC
999 _c894179
_d894179